Stěžejní otázky podnikání
Kľúčové otázky začínajúcich podnikateľov. Pravidlá pri rozhodovaní, vypracovanie zdôvodneného rozhodnutia, zodpovedajúceho daným podmienkam tej ktorej firmy. Definovanie cieľov podniku. Vypracovanie stratégie, ktorá umožní dosiahnutie cieľov. Otázky realizácie stratégie.
Na minha lista:
| Formato: | Capítulo de Livro |
|---|---|
| Idioma: | tcheco |
| Assuntos: | |
| Tags: |
Sem tags, seja o primeiro a adicionar uma tag!
|
MARC
| LEADER | 00000naa a2200000 4500 | ||
|---|---|---|---|
| 001 | r027206 | ||
| 005 | 20230922084508.5 | ||
| 041 | 0 | |a cze | |
| 044 | |a CZ | ||
| 245 | 1 | 0 | |a Stěžejní otázky podnikání |
| 520 | |a Kľúčové otázky začínajúcich podnikateľov. Pravidlá pri rozhodovaní, vypracovanie zdôvodneného rozhodnutia, zodpovedajúceho daným podmienkam tej ktorej firmy. Definovanie cieľov podniku. Vypracovanie stratégie, ktorá umožní dosiahnutie cieľov. Otázky realizácie stratégie. | ||
| 610 | 2 | 0 | |a podnikanie |
| 610 | 2 | 0 | |a stratégia podniková |
| 610 | 2 | 0 | |a ciele podnikové |
| 610 | 2 | 0 | |a rozhodovanie podnikové |